PUBLIC POLICY THEORIES, MODELS, AND CONCEPTS : (Registro nro. 47975)
[ vista simple ]
| 000 -LEADER | |
|---|---|
| fixed length control field | 00916nam a2200193 a 4500 |
| 001 - CONTROL NUMBER | |
| control field | 47975 |
| 005 - DATE AND TIME OF LATEST TRANSACTION | |
| control field | 20180714032120.0 |
| 008 - FIXED-LENGTH DATA ELEMENTS--GENERAL INFORMATION | |
| fixed length control field | 140415s1995 000 0 eng d |
| 020 ## - INTERNATIONAL STANDARD BOOK NUMBER | |
| International Standard Book Number | 013737867X |
| 041 ## - LANGUAGE CODE | |
| Language code of text/sound track or separate title | eng |
| 082 ## - DEWEY DECIMAL CLASSIFICATION NUMBER | |
| Classification number | 320.6 |
| Item number | MCC |
| 100 1# - MAIN ENTRY--PERSONAL NAME | |
| Personal name | MCCOOL, DANIEL C. |
| 245 10 - TITLE STATEMENT | |
| Title | PUBLIC POLICY THEORIES, MODELS, AND CONCEPTS : |
| Remainder of title | AN ANTHOLOGY |
| 250 ## - EDITION STATEMENT | |
| Edition statement | 1a ed. |
| 260 ## - PUBLICATION, DISTRIBUTION, ETC. | |
| Place of publication, distribution, etc. | [s.l.] : |
| Name of publisher, distributor, etc. | PRENTICE-HALL, INC., |
| Date of publication, distribution, etc. | 1995 |
| 300 ## - PHYSICAL DESCRIPTION | |
| Extent | 474 |
| Dimensions | 22.5 x 15.3 x 2.4 |
| 520 ## - SUMMARY, ETC. | |
| Summary, etc. | ESTE LIBRO ES EL RESULTADO DIRECTO DE MI INTERACCIÓN CON ESTUDIANTES GRADUADOS EN LA MAESTRIA DE EJECUTIVO EN ADMINISTRACIÓN PÚBLICA DE LA UNIVERSIDAD DE LA UTAH; LOS CUALES ME ENSEÑARON LO GRANDIOSO DE ENSEÑAR TEORÍA . UNA VEZ QUE LEAN ESTE LIBRO PODRÁN DESECHAR CUALQUIER DUDA PRESENTADA EN CUALQUIER OTRO LIBRO Y TENDRÁN ACCESO A LOS COMENTARIOS QUE SON ÚTILES Y CONSTRUCTIVOS |
| 650 14 - SUBJECT ADDED ENTRY--TOPICAL TERM | |
| Topical term or geographic name entry element | CIENCIAS POLITICAS |
| Withdrawn status | Lost status | Source of classification or shelving scheme | Damaged status | Not for loan | Collection code | Home library | Current library | Shelving location | Date acquired | Source of acquisition | Inventory number | Total Checkouts | Full call number | Barcode | Date last seen | Price effective from | Koha item type |
|---|---|---|---|---|---|---|---|---|---|---|---|---|---|---|---|---|---|
| Dewey Decimal Classification | General | Biblioteca Karol Wojtyla | Biblioteca Karol Wojtyla | Sala general | 03/12/2013 | Compra | 151000000000000000056033 | 320.6 MCC | 71814 | 05/01/2026 | 03/12/2013 | Libro |